<?xml version="1.0" encoding="UTF-8"?>
<record
    xmlns:xsi="http://www.w3.org/2001/XMLSchema-instance"
    xsi:schemaLocation="http://www.loc.gov/MARC21/slim http://www.loc.gov/standards/marcxml/schema/MARC21slim.xsd"
    xmlns="http://www.loc.gov/MARC21/slim">

  <leader>00669nam a2200217Ia 4500</leader>
  <controlfield tag="008">201124s9999||||xx |||||||||||||| ||und||</controlfield>
  <datafield tag="020" ind1=" " ind2=" ">
    <subfield code="a">9677997064</subfield>
  </datafield>
  <datafield tag="041" ind1=" " ind2=" ">
    <subfield code="a">chi</subfield>
  </datafield>
  <datafield tag="050" ind1=" " ind2=" ">
    <subfield code="a">BR1287 </subfield>
    <subfield code="b">.H65 1996 </subfield>
  </datafield>
  <datafield tag="100" ind1=" " ind2=" ">
    <subfield code="a">&#x90A2;&#x798F;&#x589E;</subfield>
  </datafield>
  <datafield tag="245" ind1=" " ind2="0">
    <subfield code="a">&#x4E94;&#x5341;&#x5E74;&#x4EE3;&#x4E09;&#x81EA;&#x904B;&#x52D5;&#x7684;&#x784F;&#x7A76;</subfield>
    <subfield code="b"> /</subfield>
    <subfield code="c">&#x90A2;&#x798F;&#x589E;, &#x6881;&#x5BB6;&#x9E9F;</subfield>
  </datafield>
  <datafield tag="246" ind1=" " ind2=" ">
    <subfield code="a">&#x4E94;&#x5341;&#x5E74;&#x4EE3;&#x4E09;&#x81EA;&#x8FD0;&#x52A8;&#x7684;&#x784F;&#x7A76;</subfield>
  </datafield>
  <datafield tag="250" ind1=" " ind2=" ">
    <subfield code="a">rev. ed.</subfield>
  </datafield>
  <datafield tag="260" ind1=" " ind2=" ">
    <subfield code="a">&#x9999;&#x6E2F; : </subfield>
    <subfield code="b">&#x5EFA;&#x9053;&#x795E;&#x5B78;&#x9662;&#x57FA;&#x7763;&#x6559;&#x8207;&#x4E2D;&#x570B;&#x6587;&#x5316;&#x784F;&#x7A76;&#x4E2D;&#x5FC3;,</subfield>
    <subfield code="c">1996</subfield>
  </datafield>
  <datafield tag="300" ind1=" " ind2=" ">
    <subfield code="a">x, 262 p.</subfield>
    <subfield code="b">;</subfield>
    <subfield code="c">22 cm.</subfield>
  </datafield>
  <datafield tag="650" ind1=" " ind2=" ">
    <subfield code="a">China -- Church history -- 20th century.</subfield>
  </datafield>
  <datafield tag="650" ind1=" " ind2=" ">
    <subfield code="a">Communism and religion.</subfield>
  </datafield>
  <datafield tag="650" ind1=" " ind2=" ">
    <subfield code="a">Three-self movement.</subfield>
  </datafield>
  <datafield tag="700" ind1=" " ind2=" ">
    <subfield code="a">&#x6881;&#x5BB6;&#x9E9F;</subfield>
  </datafield>
  <datafield tag="952" ind1=" " ind2=" ">
    <subfield code="0">0</subfield>
    <subfield code="1">0</subfield>
    <subfield code="4">0</subfield>
    <subfield code="7">0</subfield>
    <subfield code="a">GETS</subfield>
    <subfield code="b">GETS</subfield>
    <subfield code="c">GEN</subfield>
    <subfield code="d">2020-11-24</subfield>
    <subfield code="l">1</subfield>
    <subfield code="o">BR1287 .H65 1996 </subfield>
    <subfield code="p">00018399</subfield>
    <subfield code="r">2022-12-29 00:00:00</subfield>
    <subfield code="s">2022-11-29</subfield>
    <subfield code="t">c. 2</subfield>
    <subfield code="w">2020-11-24</subfield>
    <subfield code="y">CB</subfield>
  </datafield>
  <datafield tag="999" ind1=" " ind2=" ">
    <subfield code="c">30855</subfield>
    <subfield code="d">30855</subfield>
  </datafield>
</record>
